00748cam a2200229 a 450000100100000000500170001000800410002702000150006803500190008304000300010208200180013210000480015024500530019826000450025130000360029649000320033250000270036460000340039165000220042565000360044783000350048300000936720200929161553.0880311s1987 sp ac 000 f spa  a8408002279 a(DLC) 88119715 aDO-SdBNPbspacDLCdBNPHU a863.64bV182y1 aVallejo-Nágera, Juan Antonio,d1926-1990.10aYo, el intruso /cJuan Antonio Vallejo-Nágera. aBarcelona, (España) :bPlaneta,c1987. a223 p. :bil., retrs. ;c21 cm.1 aHistoria de la historiav74 aSequel to: Yo, el Rey.10aBONAPARTE, JOSEPH,d1768-1844 4aNovela española 4aLitaratura españolaySIGLO XX 0aHistoria de la historia ;v74.